000
00443nam a2200169Ia 4500
008
090124s9999 xx 000 0 und d
082
_b
42373
100
_a
आनंद मुल्कराज
245
_a
शहीद
250
_a
0
300
_a
111
600
_a
आनंद मुल्कराज
630
_a
शहीद
700
_a
आनंद मुल्कराज
730
_a
शहीद
942
_c
BOOK
999
_c
108543
_d
108543